000 00650nam a2200241Ia 4500
003 OSt
005 20221007064751.0
006 a|||||r|||| 00| 0
007 ta
008 221006b |||||||| |||| 00| 0 eng d
024 _a24,174
037 _cTextual
040 _aFLL
_cFLL
_beng
041 _2eng
_aeng
082 _aZ2:33gN32, K0
100 _aAggarawala Om Prakash
245 0 _aIndian partnership act, 1932
250 _a3rd
260 _aDelhi
_bMetropolitan Book Co. (P) Ltd. India
_c1960
300 _alvi,1-687p
_ccm.
942 _hZ2:33gN32, K0
_cTEXL
_2CC
999 _c1135277
_d1135277